| 000 | 00000nam 2200000za 4500 |
| 001 | 9.630609 |
| 003 | CaOODSP |
| 005 | 20240207110909 |
| 007 | cr ||||||||||| |
| 008 | 150407|2000||||xxc|||||o f|0| 0 fre d |
| 040 | |aCaOODSP|bfre |
| 043 | |an-cn--- |
| 086 | 1 |aSE3-50/2000F-PDF |
| 245 | 00|aManuel d'élection des candidats, de leurs agents officiels et de leurs vérificateurs |h[ressource électronique]. |
| 260 | |aOttawa : |bÉlections Canada, |c2000. |
| 300 | |a67 p. |
| 520 | 3 |aCe manuel a été préparé pour aider les candidats et leurs agents officiels à se conformer aux dispositions de la Loi. [. . . ] Ce qui suit représente l'interprétation de la Loi électorale du Canada que fait le directeur général des élections. -- Introduction |
| 590 | |a09-06-Supp|b2009-07-27 |
| 710 | 2 |aÉlections Canada. |
| 775 | 08|tElection handbook for candidates, their official agents and auditors |w(CaOODSP)9.686080 |
| 794 | |tManuel d'élection des candidats, de leurs agents officiels et de leurs vérificateurs |w(CaOODSP)9.637502 |
| 856 | 40|ahttp://publications.gc.ca|qPDF|s371 Ko|uhttps://publications.gc.ca/collections/Collection/SE3-50-2000F.pdf |
| 986 | |aEC 20190 |